000 00317nam a2200121Ia 4500
008 190216s9999||||xx |||||||||||||| ||und||
100 _aMahadeva Sasthirikal K S
245 0 _aAgni Pravesam
260 _b"Kamalalaya Printing Works, Thiruvanathap"
_c1953
300 _a43p
650 _aMalayalam Kavitha
942 _cBK
999 _c24256
_d24256